Machine learning in Paython and R (Record no. 10903)
[ view plain ]
| 000 -LEADER | |
|---|---|
| fixed length control field | 00270nam a22001217a 4500 |
| 022 ## - INTERNATIONAL STANDARD SERIAL NUMBER | |
| ISSN | 9788126563050 |
| 100 ## - MAIN ENTRY--AUTHOR NAME | |
| Personal name | MUELLER,John Paul |
| 245 ## - TITLE STATEMENT | |
| Title | Machine learning in Paython and R |
| 250 ## - EDITION STATEMENT | |
| Edition statement | Rep |
| 260 ## - PUBLICATION, DISTRIBUTION, ETC. (IMPRINT) | |
| Place of publication | New Delhi |
| Name of publisher | Willey |
| Year of publication | 2021 |
| 300 ## - PHYSICAL DESCRIPTION | |
| Number of Pages | 410pg |
| 942 ## - ADDED ENTRY ELEMENTS (KOHA) | |
| Koha item type | Text Books |
No items available.